[Event "TCh-CZE 2001-2"]
[Site "CZE"]
[Date "2001.11.18"]
[Round "3"]
[White "Nun,Ji"]
[Black "Salai,L"]
[Result "0-1"]
[WhiteElo "2386"]
[BlackElo "2404"]

1.e4 c5 2.c3 Nf6 3.e5 Nd5 4.d4 cxd4 5.Nf3 Nc6 6.Bc4 e6 7.cxd4 d6 8.O-O Be7
9.Bd2 dxe5 10.dxe5 Nb6 11.Bb3 Nd4 12.Be3 Nxb3 13.Qxb3 Nd5 14.Rd1 Qa5 15.Nbd2 O-O
16.Ne4 Rb8 17.Bg5 Bxg5 18.Nexg5 h6 19.Ne4 Bd7 20.Rd4 Bc6 21.Nd6 Ne7 22.Nc4 Qc5
23.Ncd2 Rfd8 24.Rxd8+ Rxd8 25.Re1 Nf5 26.h3 Nd4 27.Nxd4 Qxd4 28.Nf1 Rd5 29.Qg3 Qxb2
30.a3 Ra5 31.Nh2 Rxa3 32.f3 Ra1 33.Ng4 Rxe1+ 34.Qxe1 h5 35.Nf2 b5 36.Qe3 Qa1+
37.Kh2 b4 38.Qc5 Qc3 39.Qd6 b3 40.Nd3 Bd5 41.Nf4 b2 42.Qb8+ Kh7  0-1

[Event "sf ch-NED"]
[Site "Leeuwarden NED"]
[Date "2001.11.18"]
[Round "1.5"]
[White "Span,P"]
[Black "Van der Weide,K"]
[Result "1/2-1/2"]
[WhiteElo "2223"]
[BlackElo "2457"]

1.e4 c5 2.c3 Nf6 3.e5 Nd5 4.d4 cxd4 5.Nf3 Nc6 6.cxd4 d6 7.Bc4 Nb6 8.Bb5 dxe5
9.Nxe5 Bd7 10.Nxd7 Qxd7 11.O-O Rd8 12.Be3 e6 13.Qg4 h5 14.Qf3 Qd5 15.Qxd5 Nxd5
16.Nc3 Bb4 17.Rac1 Ne7 18.Ne4 O-O 19.a3 Nxd4 20.Bxd4 Rxd4 21.Ng3 Ba5 22.Nxh5 Rd5
23.Be2 Rd2 24.Bf3 Rxb2 25.Rb1 Rxb1 26.Rxb1 b6 27.Rd1 Rc8 28.g3 Ng6 29.Be4 Nf8
30.Nf4 Bc3 31.Rc1 Rc7 32.Nd3 Be5 33.Rxc7 Bxc7 34.Nb4 Bd6 35.Nc6 Bxa3 36.Nxa7 Nd7
37.Nb5 Bc5 38.Kg2 Ne5 39.h4 f5 40.Bc2 Ng4 41.Bb3 Kf7 42.Nc7 Bxf2 43.Nxe6 Kf6
44.Nc7 Bc5 45.Ne8+ Kg6 46.Kf3 Ne5+ 47.Kf4 Nd3+ 48.Kf3 b5 49.Nc7 b4 50.Nd5 Nc1
51.Bc2 b3 52.Bb1 b2 53.g4 Nb3 54.Bxf5+ Kf7 55.Nc3 Bb4 56.Nb1 Be1 57.h5 Kf6
58.Kf4 Bd2+ 59.Kf3 Bb4 60.Ke3 Bc5+ 61.Kd3 Nd4 62.Bc8 Nf3 63.Ke4 Ng5+ 64.Kf4 Bd6+
65.Ke3 Ke5 66.Bf5 Be7 67.Nc3 Nf7 68.Kd3 Nd6 69.Bd7 Bf6 70.Nb1 Kf4 71.Kc2 Nc4
72.Bc8 Ne3+ 73.Kb3 Nxg4 74.Bd7 Kg5 75.Be8 Ne3 76.Ka2 Nf5 77.Na3 Nd6 78.Bg6 Kh6
79.Kb3 Kg5 80.Kc2 Nf5 81.Nc4 Ng3 82.Nxb2 Bxb2 83.Kxb2 Nxh5 84.Be4 Nf6 85.Bc6 Kf4
86.Kc2 g5 87.Kd2 Kg3 88.Bb7 Kf2 89.Bc8 Ne4+ 90.Kd3 Nd6 91.Be6 Kf3 92.Bd7 Nf7
93.Kd2 Ne5 94.Bc8 Kf2 95.Be6 Ng6 96.Bc8 Nf4 97.Bf5 Kf3 98.Bc8 Ng2 99.Bd7 Ne3
100.Ke1 Kf4  1/2-1/2

[Event "sf ch-NED"]
[Site "Leeuwarden NED"]
[Date "2001.11.18"]
[Round "1.3"]
[White "Span,P"]
[Black "Van der Weide,K"]
[Result "1/2-1/2"]
[WhiteElo "2223"]
[BlackElo "2457"]

1.e4 c5 2.c3 Nf6 3.e5 Nd5 4.d4 cxd4 5.Nf3 Nc6 6.cxd4 d6 7.Bc4 Nb6 8.Bb5 dxe5
9.Nxe5 Bd7 10.Bxc6 Bxc6 11.Nxc6 bxc6 12.O-O g6 13.Re1 Bg7 14.Bg5 O-O 15.Bxe7 Qxd4
16.Nc3 Rfe8 17.Qf3 Nc4 18.Qxc6 Ne5 19.Qc5 Nd3 20.Qxd4 Bxd4 21.Red1 Bxf2+
22.Kf1 Rxe7 23.Rxd3 Bb6 24.Nd5 Re5 25.Nxb6 axb6 26.a3 Rc8 27.Rad1 Kg7 28.R1d2 h5  1/2-1/2

[Event "ch-NR"]
[Site "Novosibirsk RUS"]
[Date "2001.11.18"]
[Round "6"]
[White "Rusakov,E"]
[Black "Bibko,I"]
[Result "0-1"]
[WhiteElo "2142"]
[BlackElo "2238"]

1.e4 c5 2.c3 Nf6 3.e5 Nd5 4.Nf3 Nc6 5.d4 cxd4 6.cxd4 g6 7.Bc4 Nb6 8.Bb3 Bg7
9.O-O O-O 10.a4 d5 11.exd6 Qxd6 12.Nc3 Bg4 13.Nb5 Qd7 14.a5 Nc8 15.d5 Ne5
16.Nbd4 Nxf3+ 17.gxf3 Bh3 18.Re1 e5 19.dxe6 Qxd4 20.exf7+ Kh8 21.Qxd4 Bxd4
22.Ra4 Bf6 23.Bh6 Bg7 24.Bf4 Bd7 25.Rae4 a6 26.Re8 Na7 27.Rxa8 Rxa8 28.Re7 Bc6
29.Bd5 Rf8 30.Bxc6 Nxc6 31.Re8 Bxb2 32.Rxf8+ Kg7 33.Bh6+ Kxh6 34.Rb8 Ba3
35.Rxb7 Nxa5 36.Ra7 Kg7 37.Rxa6 Bb4 38.Ra7 h5 39.f4 Nc6 40.Rb7 Bd2 41.f5 gxf5
42.f8=Q+ Kxf8 43.Rh7 Ne7 44.Rxh5 Kf7 45.Rh7+ Kf6 46.Kg2 Ng6 47.h4 Nf4+ 48.Kf3 Ne6
49.Rd7 Bh6 50.Rd5 Bf8 51.Ra5 Bc5 52.Kg3 Bb6 53.Ra6 Bc7+ 54.Kg2 Ke5 55.f3 f4
56.Ra7 Kf5 57.Ra6 Bd8 58.Kh3 Nd4 59.Rd6 Bf6 60.Kg2 Ke5 61.Ra6 Bxh4 62.Ra5+ Ke6
63.Rh5 Bg3 64.Ra5 Nf5 65.Kf1 Nd4 66.Kg2 Be1 67.Rc5 Bd2 68.Rg5 Kf6 69.Rc5 Be3
70.Ra5 Ke6 71.Rg5 Nc6 72.Rb5 Kd6 73.Rf5 Ne5 74.Rf8 Kd5 75.Rd8+ Kc4 76.Re8 Kd4
77.Rd8+ Kc3 78.Rd5 Bd4 79.Rd8 Kd3 80.Rd6 Kc3 81.Rd8 Be3 82.Rd6 Nd3 83.Kf1 Kd2
84.Re6 Bf2 85.Re8 Bg3 86.Re2+ Kd1 87.Re8 Bh4 88.Re6 Bg3 89.Re8 Nc1 90.Rd8+ Kc2
91.Rd7 Kc3 92.Rd8 Nb3 93.Kg2 Nd4 94.Rg8 Nf5 95.Rg5 Ne3+ 96.Kh3 Bf2 97.Rg8 Kd3  0-1

[Event "ch-Balkan"]
[Site "Istanbul TUR"]
[Date "2001.11.22"]
[Round "5"]
[White "Kose,S"]
[Black "Miladinovic,I"]
[Result "0-1"]
[WhiteElo "2244"]
[BlackElo "2495"]

1.e4 c5 2.c3 Nf6 3.e5 Nd5 4.d4 cxd4 5.cxd4 d6 6.Nf3 e6 7.Bc4 Nc6 8.O-O Be7
9.exd6 Qxd6 10.Nc3 O-O 11.Nb5 Qd8 12.Re1 Bf6 13.Bxd5 exd5 14.Ne5 Qb6 15.Nc3 Qxd4
16.Nf3 Qxd1 17.Rxd1 Bxc3 18.bxc3 Be6 19.Rb1 b6 20.Bf4 Rfc8 21.Rbc1 f6 22.h3 Kf7
23.Kh2 h5 24.Rd3 g5 25.Bg3 a6 26.Re1 Ra7 27.h4 g4 28.Ng1 d4 29.cxd4 Bxa2
30.Ne2 Bc4 31.Rdd1 Bxe2 32.Rxe2 Ne7 33.d5 Rd7 34.d6 Nf5 35.Bf4 Rc4 36.g3 Nxh4
37.Rd5 Nf3+ 38.Kg2 h4 39.Rh5 h3+ 40.Kf1 Rxd6 41.Rh7+ Kg8 42.Ree7 Rc1+ 43.Re1  0-1

[Event "ch-Balkan"]
[Site "Istanbul TUR"]
[Date "2001.11.22"]
[Round "6"]
[White "Seitaj,I"]
[Black "Petrov,M"]
[Result "1/2-1/2"]
[WhiteElo "2386"]
[BlackElo "2451"]

1.e4 c5 2.c3 Nf6 3.e5 Nd5 4.d4 cxd4 5.Nf3 e6 6.cxd4 d6 7.exd6 Bxd6 8.Nc3 Nxc3
9.bxc3 Qc7 10.Bd2 Nd7 11.Bd3 b6 12.O-O Bb7 13.h3 O-O 14.Re1 Bf4 15.Be3 Bxe3
16.Rxe3 Nf6 17.Ne5 Nd5 18.Rg3 f5 19.Rc1 Rac8 20.Bc4 Qe7 21.Bxd5 Bxd5 22.c4 Be4
23.Rgc3 Rfd8 24.f3 Bb7 25.Rd3  1/2-1/2

[Event "FIDE WCh Women KO"]
[Site "Moscow RUS"]
[Date "2001.11.27"]
[Round "1.1"]
[White "Paridar,S"]
[Black "Kovalevskaya,E"]
[Result "1/2-1/2"]
[WhiteElo "2071"]
[BlackElo "2486"]

1.e4 c5 2.c3 Nf6 3.e5 Nd5 4.d4 cxd4 5.Nf3 Nc6 6.Bc4 Nb6 7.Bb3 d6 8.exd6 Qxd6
9.O-O Be6 10.Bxe6 Qxe6 11.Nxd4 Nxd4 12.Qxd4 Rd8 13.Qh4 Qe2 14.Be3 Qxb2 15.Nd2 Rxd2
16.Bxd2 Qxd2 17.Rfd1 Qh6 18.Qg3 Qc6 19.Rab1 Nc8 20.Qd3 Nd6 21.c4 f6 22.Qa3 a6
23.c5 Ne4 24.Rb6 Qxc5 25.Qa4+ Kf7 26.Qb3+ Kg6 27.Qb1 Kh6 28.Rb4 f5 29.Qb2 b5
30.Rbd4 e5 31.Rd8 Qc3 32.Qxc3 Nxc3 33.R1d2 Ne4 34.Rc2 g6 35.Rcc8 Kg7 36.Rd7+ Kf6
37.Rdd8 Ke7 38.Re8+ Kf7 39.Red8 Ng5 40.Ra8 Ne6 41.Rdb8 Bg7 42.Rb7+ Kf6 43.Rxa6 Re8
44.Rxb5 Bf8 45.Rbb6 Kf7 46.a4 Rd8 47.g3 Nc5 48.Ra7+ Be7 49.a5 Rd1+ 50.Kg2 e4
51.Rc6 Ne6 52.a6 Ra1 53.Rb7 Nd8 54.Rcb6 Ke8 55.Rb8 Ra2 56.Kf1 Kd7 57.R8b7+ Ke8
58.Rc7 f4 59.gxf4 Bh4 60.Rxh7 Bxf2 61.Rxg6 Nf7 62.Rg8+ Ke7 63.Rgg7 Bd4 64.Rxf7+ Ke6
65.Re7+ Kf5 66.Rhf7+ Kg4 67.Rxe4 Kf3 68.Rfe7 Bf2 69.Re1 Bxe1 70.Kxe1 Rxa6
71.f5 Rf6 72.Re5 Kf4 73.Ra5 Rxf5  1/2-1/2

[Event "Friendship IM"]
[Site "Prerove CZE"]
[Date "2001.12.04"]
[Round "1"]
[White "Kantorik,M"]
[Black "Sikora Lerch,J"]
[Result "1-0"]
[WhiteElo "2321"]
[BlackElo "2324"]

1.e4 c5 2.c3 Nf6 3.e5 Nd5 4.d4 e6 5.Nf3 d6 6.Bd3 cxd4 7.cxd4 dxe5 8.dxe5 Nb4
9.Be4 Qxd1+ 10.Kxd1 Nd7 11.Nc3 Nc5 12.Bb1 Bd7 13.Ke2 Bc6 14.Rd1 Nd5 15.Nxd5 Bxd5
16.Be3 Nd7 17.Bc2 Bb4 18.Rac1 O-O 19.Bb3 Nb6 20.Bxb6 Bxb3 21.axb3 axb6 22.Rd7 Ra2
23.Rc2 Rb8 24.Ng5 Ba3 25.Rcc7 Rxb2+ 26.Kf3 Bc5 27.Nxf7 Rxf2+ 28.Kg3 Rf5 29.h4 Bf2+
30.Kh3 Be3 31.Nd6 Rxe5 32.Rxg7+  1-0

[Event "FSGMB December"]
[Site "Budapest HUN"]
[Date "2001.12.07"]
[Round "7"]
[White "Pierrot,F"]
[Black "Grivas,E"]
[Result "1/2-1/2"]
[WhiteElo "2427"]
[BlackElo "2489"]

1.e4 c5 2.c3 Nf6 3.e5 Nd5 4.Nf3 Nc6 5.d4 cxd4 6.cxd4 d6 7.Bc4 e6 8.O-O Nb6
9.Bb5 Bd7 10.Nc3 a6 11.Be2 Nb4 12.Bg5 Qc7 13.Rc1 Bc6 14.a3 N4d5 15.Ne4 Nd7
16.Re1 dxe5 17.dxe5 Be7 18.Qd4 O-O 19.Bd3 Qb6 20.Bxe7 Nxe7 21.Qxb6 Nxb6 22.Nd4 Bd5
23.Nd6 Nec8 24.Nxc8 Raxc8 25.Bf1 Rfd8 26.b3 g5 27.g3 Nd7 28.f4 gxf4 29.gxf4 Nc5
30.Re3 Ne4 31.Rce1 Nc3 32.f5 Kh8 33.Bh3 Nb5 34.Nxb5 axb5 35.Rg3 Rg8 36.fxe6 fxe6
37.Rxg8+ Kxg8 38.Re3 Rc2 39.Bf1 Ra2 40.b4 Bc6 41.Rg3+ Kf7 42.Rh3 Kg7 43.Rg3+ Kf7
44.Rh3 Kg6 45.Bd3+ Kg5 46.Bxh7 Kf4 47.Rg3 Kxe5 48.h4 Kf4 49.Rg8 e5 50.h5 e4
51.Rf8+ Kg4 52.h6 Kg5 53.Bg8 Ra1+ 54.Rf1 Rxa3 55.h7 Rh3 56.Kg2 Rh6 57.Kg3 Bd7
58.Rf7 Bf5 59.Rxb7 Rh3+ 60.Kg2 Rh4 61.Kg3 Rh3+ 62.Kg2 Rh4 63.Kg3 Rh3+ 64.Kg2  1/2-1/2

[Event "FSGMB December"]
[Site "Budapest HUN"]
[Date "2001.12.08"]
[Round "8"]
[White "Biro,S"]
[Black "Munoz Pantoja,M"]
[Result "0-1"]
[WhiteElo "2360"]
[BlackElo "2375"]

1.e4 c5 2.c3 Nf6 3.e5 Nd5 4.Nf3 Nc6 5.d4 cxd4 6.Bc4 Nb6 7.Bb3 d5 8.exd6 Qxd6
9.Na3 Be6 10.Nb5 Qd7 11.O-O Bxb3 12.axb3 e6 13.Bf4 Rc8 14.Nbxd4 Nxd4 15.Nxd4 Bc5
16.Qg4 O-O 17.Rad1 Qe7 18.Rfe1 Qf6 19.h4 Qg6 20.Qf3 Nd5 21.Be5 h5 22.Rd3 Rfe8
23.Qh3 Bxd4 24.Rxd4 Ne7 25.Rd7 Rcd8 26.Rxb7 Rd3 27.Qh2 f6 28.Bd4 Qe4 29.Qe5 Qxe5
30.Bxe5 fxe5 31.Rxe5 Nf5 32.Rxa7 Rd1+ 33.Kh2 Rd2 34.f3 Rxb2 35.Kh3 Rd8 36.Rxe6 Rd1
37.Kh2 Rbb1  0-1

[Event "sf ch-NED"]
[Site "Leeuwarden NED"]
[Date "2001.12.08"]
[Round "2.1"]
[White "Hendriks,W"]
[Black "Bosch,Je"]
[Result "1/2-1/2"]
[WhiteElo "2372"]
[BlackElo "2454"]

1.e4 c5 2.c3 Nf6 3.e5 Nd5 4.Nf3 e6 5.Bc4 d6 6.d4 cxd4 7.cxd4 Nb6 8.Bd3 dxe5
9.dxe5 Bb4+ 10.Nc3 Nd5 11.O-O Nxc3 12.bxc3 Be7 13.Nd4 Qa5 14.Bf4 Nd7 15.Re1 Nc5
16.Nb3 Qc7 17.Nxc5 Bxc5 18.Be4 Bd7 19.Qf3 Bc6 20.Be3 Bxe4 21.Qxe4 O-O  1/2-1/2

[Event "TCh-BEL 2001-2"]
[Site "Belgium BEL"]
[Date "2001.12.09"]
[Round "4"]
[White "De Wit,M"]
[Black "Filipek,J"]
[Result "1-0"]
[WhiteElo "2300"]
[BlackElo "2383"]

1.e4 c5 2.c3 Nf6 3.e5 Nd5 4.d4 cxd4 5.Nf3 Nc6 6.Bc4 Nb6 7.Bb3 d5 8.exd6 Qxd6
9.Na3 a6 10.O-O Be6 11.Bxe6 Qxe6 12.Nxd4 Nxd4 13.Qxd4 Rd8 14.Qh4 h5 15.h3 f6
16.Qb4 g5 17.c4 g4 18.h4 Qc6 19.Be3 Nd7 20.Rad1 Rg8 21.Qd2 e6 22.Qd3 f5 23.Bg5 Be7
24.Bxe7 Kxe7 25.Qe3 Nf6 26.b3 Kf7 27.Nc2 Qe4 28.Qc3 g3 29.fxg3 Qg4 30.Rxd8 Rxd8
31.Re1 Ne4 32.Qe5 Rd2 33.Nd4 Qg6 34.Rxe4 fxe4 35.Qf4+ Ke7 36.Qxd2 Qg4 37.Qg5+  1-0

[Event "sf ch-NED"]
[Site "Leeuwarden NED"]
[Date "2001.12.09"]
[Round "2.4"]
[White "Hendriks,W"]
[Black "Bosch,Je"]
[Result "1/2-1/2"]
[WhiteElo "2372"]
[BlackElo "2454"]

1.e4 c5 2.c3 Nf6 3.e5 Nd5 4.Nf3 e6 5.Bc4 d6 6.d4 cxd4 7.cxd4 Bd7 8.Nc3 Nxc3
9.bxc3 Qc7 10.Qd3 Nc6 11.Bf4 Rc8 12.exd6 Bxd6 13.Bxd6 Qxd6 14.O-O Ne7 15.Ne5 O-O
16.Rfe1 Nd5 17.Bxd5 exd5 18.Re3 f6 19.Nxd7 Qxd7 20.h3 Rfe8 21.Rae1 Rxe3 22.Rxe3 Re8
23.Rxe8+ Qxe8 24.Qf5 Qc6 25.h4 g6 26.Qf4 Kg7 27.Qe3 Qd7 28.g3 b5 29.Qf4 a6
30.g4 h6 31.f3 g5 32.hxg5 hxg5 33.Qe3 Qd6 34.Kg2 Qa3 35.Kg3 Qxa2 36.Qe7+ Kg6
37.Qe6 Kg7 38.Qd6 Qd2 39.Qe7+  1/2-1/2

[Event "Admiralteiskii Women"]
[Site "St Petersburg RUS"]
[Date "2001.12.09"]
[Round "7"]
[White "Kharashkina,B"]
[Black "Kochetkova,J"]
[Result "1/2-1/2"]
[WhiteElo "2178"]
[BlackElo "2257"]

1.e4 c5 2.c3 Nf6 3.e5 Nd5 4.Nf3 Nc6 5.d4 cxd4 6.Bc4 Nb6 7.Bb3 d5 8.exd6 Qxd6
9.O-O Be6 10.Bxe6 Qxe6 11.Nxd4 Nxd4 12.Qxd4 Rd8 13.Qh4 Qc4 14.Qg3 g6 15.Na3 Qc6
16.Re1 Bg7 17.Bf4 Rd7  1/2-1/2

[Event "FSGMB December"]
[Site "Budapest HUN"]
[Date "2001.12.11"]
[Round "11"]
[White "Vajda,S"]
[Black "Colovic,A"]
[Result "1/2-1/2"]
[WhiteElo "2352"]
[BlackElo "2364"]

1.e4 c5 2.c3 Nf6 3.e5 Nd5 4.d4 cxd4 5.Nf3 e6 6.cxd4 d6 7.Bc4 Nb6 8.Bd3 Nc6
9.exd6 Bxd6 10.a3 Be7 11.O-O Bf6 12.Be3 O-O 13.Nc3 g6 14.Bh6 Re8 15.Ne4 Be7
16.Qe2 Nxd4 17.Nxd4 Qxd4 18.Rad1 Bd7 19.Bb1 Qe5 20.f4 Bb5 21.Bd3 Bxd3 22.Rxd3 Qb5
23.b4 f6 24.Nd2 Bf8 25.Bxf8 Kxf8 26.Qf3 Rad8 27.Rxd8 Rxd8 28.Ne4 Qd5 29.Qe2 Ke7
30.Kh1 Nc4 31.Re1 Qd3 32.Qf2 Qd4 33.Qh4 h5 34.h3 b6 35.Qg3 Kf7 36.Qf3 Qd3
37.Qf2 Rd4 38.Ng5+ fxg5 39.fxg5+ Kg8 40.Qf6 Rd8 41.Qxe6+ Kf8 42.Qf6+ Kg8
43.Qe6+ Kh8 44.Qf6+ Kg8 45.Rf1 b5 46.Qf7+ Kh8 47.Qf6+  1/2-1/2

[Event "Christmas Open"]
[Site "Zadar CRO"]
[Date "2001.12.15"]
[Round "1"]
[White "Ikica,A"]
[Black "Fercec,N"]
[Result "0-1"]
[WhiteElo "2080"]
[BlackElo "2458"]

1.e4 c5 2.c3 Nf6 3.Qe2 Nc6 4.g3 d6 5.Bg2 g6 6.d3 Bg7 7.Nf3 O-O 8.O-O Rb8
9.Nh4 b5 10.f4 Qc7 11.Kh1 b4 12.Be3 bxc3 13.bxc3 Ba6 14.Rc1 Nd7 15.Nf3 Rb7
16.Qd1 Rb2 17.Bf1 Qa5 18.Rc2 Rfb8 19.Qc1 Rxc2 20.Qxc2 Nb6 21.Kg1 Na4 22.Bd2 Rb2
23.Qc1 Rb8 24.Ne1 c4 25.dxc4 Bxc4 26.Nd3 Qa6 27.Nf2 Nb2 28.Be3 Qa5 29.a4 Rb3
30.Ra2 Bxf1 31.Kxf1 Nc4 32.Nd1 Qh5 33.Kg1 Nxe3 34.Nxe3 Qf3 35.Nf1 Rxc3 36.Nbd2 Bd4+  0-1

[Event "TSGM December"]
[Site "Belgrade YUG"]
[Date "2001.12.17"]
[Round "3"]
[White "Kostic,Vl"]
[Black "Antic,D"]
[Result "1-0"]
[WhiteElo "2352"]
[BlackElo "2464"]

1.e4 c5 2.c3 Nf6 3.e5 Nd5 4.Nf3 Nc6 5.Bb5 Nc7 6.Ba4 b5 7.Bc2 d6 8.Ng5 e6
9.d4 cxd4 10.O-O Nd5 11.cxd4 Be7 12.Nf3 Qb6 13.Be4 Bd7 14.Nc3 Nxc3 15.bxc3 d5
16.Bd3 Rc8 17.Rb1 a6 18.a4 Na5 19.axb5 axb5 20.Bd2 Nc4 21.Bg5 Qd8 22.Bxe7 Qxe7
23.Nd2 O-O 24.Nb3 g6 25.Qf3 Ra8 26.Bxc4 bxc4 27.Nc5 Rfb8 28.h4 h6 29.Rxb8+ Rxb8
30.Qf4 Kh7 31.Ra1 Be8 32.g3 Kg7 33.Kg2 Kh7 34.Qc1 Kg7 35.Ra6 Rc8 36.Qa3 Rc6
37.Ra7 Rc7 38.Nxe6+ Qxe6 39.Rxc7  1-0

[Event "XIV Carlos Torre"]
[Site "Merida MEX"]
[Date "2001.12.17"]
[Round "4"]
[White "Arencibia,W"]
[Black "Garcia Martinez,S"]
[Result "1/2-1/2"]
[WhiteElo "2533"]
[BlackElo "2395"]

1.e4 c5 2.c3 Nf6 3.e5 Nd5 4.d4 cxd4 5.Qxd4 e6 6.Nf3 Nc6 7.Qe4 d6 8.exd6 Bxd6
9.Bd3 Nf6 10.Qe2 O-O 11.O-O  1/2-1/2

[Event "Christmas Open"]
[Site "Zadar CRO"]
[Date "2001.12.17"]
[Round "3"]
[White "Mestrovic,Z"]
[Black "Lovakovic,F"]
[Result "1-0"]
[WhiteElo "2419"]
[BlackElo "2073"]

1.e4 c5 2.c3 Nf6 3.e5 Nd5 4.c4 Nb6 5.a4 d5 6.exd6 Qxd6 7.a5 Qe6+ 8.Be2 N6d7
9.Nc3 g6 10.Nf3 Bg7 11.O-O O-O 12.d4 Na6 13.d5 Qd6 14.Nb5 Qb8 15.Bg5 Nf6
16.Qc1 Bd7 17.Re1 b6 18.Bf1 Bxb5 19.cxb5 Nb4 20.Ne5 Nbxd5 21.Bxf6 Nxf6 22.Nc6 Qd6
23.Qd1 Qxd1 24.Nxe7+ Kh8 25.Raxd1 Rfd8 26.a6 Rxd1 27.Rxd1 Bf8 28.Nc6 Kg7
29.g3 h6 30.Bg2 c4 31.Rc1 Bc5 32.Rxc4 Rc8 33.Kf1 Bd6 34.b3 Rc7 35.Nd4 Ne8
36.Bb7 Bc5 37.Nc6 Nd6 38.Rxc5 bxc5 39.b6  1-0

[Event "ch-BRA"]
[Site "Sao Paolo BRA"]
[Date "2001.12.19"]
[Round "3"]
[White "Pelikian,J"]
[Black "Coelho,L"]
[Result "1/2-1/2"]
[WhiteElo "2410"]
[BlackElo "2272"]

1.e4 c5 2.c3 Nf6 3.e5 Nd5 4.Nf3 Nc6 5.Na3 g6 6.Qb3 Nb6 7.d4 cxd4 8.cxd4 Bg7
9.Bf4 d5 10.Bb5 Bd7 11.Qe3 Rc8 12.O-O a6 13.Bxc6 Rxc6 14.Rac1 O-O 15.b3 Rxc1
16.Rxc1 Bg4 17.Ne1 Nd7 18.h3 Be6 19.Nb1 Qa5 20.a3 Qb6 21.Nd2 Nb8 22.Nd3 Rc8
23.Nc5 Qc6 24.Nf3 b6 25.Nxe6 Qxe6 26.Rxc8+ Qxc8 27.e6 Nc6 28.exf7+ Kxf7 29.Be5 Nxe5
30.dxe5 Qf5 31.Qxb6 Bxe5 32.Qxa6 Bd6 33.b4 Qb1+ 34.Qf1 Qb2 35.Qd1 Qxa3 36.Qxd5+ Kf8
37.g3 Qxb4 38.Ng5 Qb1+ 39.Kg2 Qf5 40.Nxh7+ Kg7 41.Qxf5 gxf5 42.Ng5 Kg6 43.Nf3 e5
44.Kf1 Kf6 45.Ke2 Bc5 46.Nd2 Bd4 47.Nc4 Ke6 48.Ne3 Kf6 49.g4 fxg4 50.Nxg4+ Kg5
51.Kf3 Kh4 52.Kg2 Bb2 53.Nf6 Kg5 54.Ne4+ Kf4 55.Ng3 Ba3 56.Ne2+ Kf5 57.Kg3 Bb4
58.Ng1 e4 59.Ne2 Bd6+ 60.Kg2 Be5 61.Ng3+ Kf4 62.Ne2+ Kf5 63.Kf1 Kg5 64.Kg1 Kh4
65.Kg2 Kg5 66.Nc1 Kf4 67.Kf1 Kf3 68.Ne2 e3 69.Ng1+ Kf4 70.Ne2+ Kf3 71.Ng1+ Kf4
72.fxe3+ Kxe3 73.Kg2 Bd6 74.h4 Kf4 75.Kh3 Be5 76.Ne2+ Kf3 77.Nc1 Kf4 78.Nd3+ Kf5
79.Nc5 Bd6 80.Nd3 Be7  1/2-1/2

[Event "Christmas Open"]
[Site "Zadar CRO"]
[Date "2001.12.21"]
[Round "7"]
[White "Filipovic,Br"]
[Black "Palac,M"]
[Result "1/2-1/2"]
[WhiteElo "2462"]
[BlackElo "2572"]

1.e4 c5 2.c3 Nf6 3.e5 Nd5 4.Nf3 Nc6 5.d4 cxd4 6.cxd4 d6 7.Bc4 Nb6 8.Bb3 dxe5
9.d5 Na5 10.Nc3 f6 11.Be3 g6 12.O-O Bg7 13.Bc5 Bg4 14.h3 Bxf3 15.Qxf3 Nxb3
16.axb3 O-O 17.Rfd1 Nc8 18.d6 Nxd6 19.Bxd6 exd6 20.Qxb7 Qb8 21.Qd5+ Rf7 22.Ne4 Qb7  1/2-1/2

[Event "ch-BRA"]
[Site "Sao Paolo BRA"]
[Date "2001.12.23"]
[Round "8"]
[White "Pelikian,J"]
[Black "Tsuboi,E"]
[Result "1/2-1/2"]
[WhiteElo "2410"]
[BlackElo "2341"]

1.e4 c5 2.c3 Nf6 3.e5 Nd5 4.Nf3 Nc6 5.Na3 a6 6.Nc2 d6 7.exd6 Qxd6 8.d4 Bg4
9.Be2 Rd8 10.Ne3 Nxe3 11.Bxe3 cxd4 12.Nxd4 Bxe2 13.Qxe2 e6 14.O-O Be7 15.Rad1 Qc7
16.Nxc6 Qxc6 17.Rxd8+ Bxd8 18.Rd1 O-O 19.Qd3 Bf6 20.Qd7 Qxd7 21.Rxd7 Rd8
22.Rxd8+ Bxd8 23.c4 f5 24.Kf1 Kf7 25.Ke2 e5 26.f3 Ke6 27.Kd3 Bc7 28.h3 h5
29.b3 Bd8 30.Bf2 Bc7 31.a4 Ba5 32.Bc5 Bc7 33.Bb4 Bd8 34.Bd2 Bc7 35.b4 Bd8
36.Be3 Bc7 37.Bg5 Kd6 38.Bd2 Bd8 39.Be1 Bc7 40.Bh4 Ke6 41.Be1 Bd8 42.Bf2 Be7
43.Kc3 Bd8 44.Kd3 Be7 45.b5 Bd8 46.Bc5 Ba5 47.Ba7 axb5 48.axb5 Bb4 49.Be3 Kd6
50.Bg5  1/2-1/2

[Event "109th ch-NZL"]
[Site "Christchurch NZL"]
[Date "2001.12.28"]
[Round "1"]
[White "Croad,N"]
[Black "Haag,M"]
[Result "1-0"]
[WhiteElo "2201"]
[BlackElo "2317"]

1.e4 c5 2.c3 Nf6 3.e5 Nd5 4.d4 cxd4 5.Nf3 e6 6.cxd4 b6 7.Nc3 Nxc3 8.bxc3 Qc7
9.Bd2 d6 10.Bd3 Nd7 11.O-O Bb7 12.Re1 dxe5 13.Nxe5 Nxe5 14.Rxe5 Bd6 15.Rh5 g6
16.Bb5+ Bc6 17.Qf3 O-O-O 18.Bxc6 gxh5 19.a4 Rhg8 20.a5 Rg6 21.axb6 Qxb6 22.Be4 f5
23.Bd3 Bc7 24.Rb1 Qa5 25.Bb5 Rdg8 26.Qa8+ Bb8 27.Bc6 Qc7 28.Be4  1-0

[Event "Open"]
[Site "Trinec CZE"]
[Date "2001.12.28"]
[Round "3"]
[White "Zilka,S"]
[Black "Michenka,J"]
[Result "0-1"]
[WhiteElo "2186"]
[BlackElo "2323"]

1.e4 c5 2.c3 Nf6 3.e5 Nd5 4.d4 cxd4 5.Nf3 Nc6 6.Bc4 Nb6 7.Bb3 d5 8.exd6 Qxd6
9.cxd4 Be6 10.Nc3 Bxb3 11.Qxb3 e6 12.Be3 Qb4 13.Qxb4 Bxb4 14.O-O O-O 15.Rfc1 Rfc8
16.Ne4 Nd5 17.a3 Be7 18.b4 a5 19.b5 Na7 20.a4 Rxc1+ 21.Rxc1 Nc8 22.Nc5 Nd6
23.Ne5 Rc8 24.Nb3 Rxc1+ 25.Bxc1 f6 26.Nd3 b6 27.Bd2 Nc4 28.Kf1 Kf7 29.Ke2 g5
30.Na1 Bd6 31.g3 Kg6 32.Nc2 Kf5 33.h3 h5 34.Ne3+ Ndxe3 35.Bxe3 Ke4 36.f3+ Kd5
37.Bf2 Ba3 38.Ne1 Nb2 39.Nc2 Bb4 40.Ne3+ Kd6 41.g4 h4 42.Nd1 Nxa4 43.Kd3 e5
44.Kc4 exd4 45.Bxd4 Ke6 46.Ne3 Bc5 47.Nd5 Bxd4 48.Kxd4 f5 49.Nc7+ Kd6 50.Nd5 f4
51.Nf6 Nc5 52.Kc4 Ke5 53.Nd5 Na4 54.Ne7 Nb2+ 55.Kb3 Nd3 56.Nc8 Nc5+ 57.Kc4 Nd7
58.Na7 Kd6 59.Kd4 Ne5 60.Ke4 a4 61.Nc8+ Kc5 62.Kxe5 a3 63.Nd6 a2 64.Ne4+ Kb4
65.Nxg5 a1=Q+ 66.Kxf4 Qf6+  0-1

[Event "Christmas Open"]
[Site "Zurich SUI"]
[Date "2001.12.28"]
[Round "4"]
[White "Allemann,A"]
[Black "Roschina,T"]
[Result "1-0"]
[WhiteElo "2190"]
[BlackElo "2300"]

1.e4 c5 2.c3 Nf6 3.e5 Nd5 4.d4 cxd4 5.Nf3 Nc6 6.cxd4 d6 7.Bc4 Nb6 8.Bb5 dxe5
9.Nxe5 Bd7 10.Nxd7 Qxd7 11.Nc3 e6 12.O-O Be7 13.Qg4 Bf6 14.Rd1 a6 15.Bxc6 Qxc6
16.Ne4 Nd5 17.Bf4 h5 18.Qf3 Be7 19.Rac1 Qb6 20.Rd3 Rd8 21.Rb3 Qxd4 22.Rd1 Qa7
23.Nc3 Nxf4 24.Rxd8+ Bxd8 25.Rxb7 Qd4 26.Qc6+ Kf8 27.Rd7 Qb6 28.Qc8 Rh6 29.Rxd8+ Ke7
30.Qd7+ Kf6 31.Rf8 Ke5 32.Qd2 Qb7 33.Qe3+ Kf5 34.f3 e5 35.Re8 Re6 36.Rxe6 Kxe6
37.b3 Qb4 38.Ne4 Kd5 39.g3 Ne6 40.Nc3+ Kd6 41.Ne4+ Kc6 42.Kg2 Qd4 43.Qc1+ Kb7
44.Qc2 f5 45.Nd2 Nc5 46.Nc4 Nd3 47.Na5+ Kb6 48.Nc4+ Ka7 49.Qe2 f4 50.Qd2 g5
51.Nxe5 Qxe5 52.Qxd3 Qb2+ 53.Kh3 Qh8 54.Qd7+ Kb6 55.Qe6+ Kb5 56.Qf5+ Kb4
57.Qxg5 fxg3 58.hxg3 a5 59.Qe7+ Kb5 60.a4+ Kb6 61.Qe6+ Ka7 62.Qd5 Qc3 63.Qxh5 Qe1
64.Qd5 Ka6 65.f4 Kb6 66.f5 Qc3 67.Qe6+  1-0

[Event "109th ch-NZL"]
[Site "Christchurch NZL"]
[Date "2001.12.29"]
[Round "2"]
[White "Croad,N"]
[Black "Wastney,S"]
[Result "1/2-1/2"]
[WhiteElo "2201"]
[BlackElo "2281"]

1.e4 c5 2.c3 Nf6 3.e5 Nd5 4.d4 cxd4 5.Nf3 e6 6.cxd4 d6 7.a3 Bd7 8.Bd3 Bc6
9.O-O Nd7 10.Re1 Rc8 11.Nbd2 dxe5 12.dxe5 Nc5 13.Ne4 Nc3 14.Nxc3 Qxd3 15.Be3 Be7
16.Bxc5 Qxd1 17.Raxd1 Bxc5 18.Nd4 Bxd4 19.Rxd4 Ke7 20.Red1 Rhd8 21.Rxd8 Rxd8
22.Rxd8 Kxd8 23.f4 f6 24.Ne2 Ke7 25.Nd4 Bd5 26.Kf2 g5 27.g3 gxf4 28.gxf4 Kf7
29.Kg3 Kg6 30.Kg4 Be4 31.b3 a6 32.b4 Bd5 33.a4 Be4 34.a5 Bd5 35.b5 axb5 36.Nxb5 h5+
37.Kh4 fxe5 38.fxe5 Kf5 39.Kxh5 Kxe5 40.Kg4 Bc4 41.Nc7 Kd4 42.Kf3 e5 43.h4 e4+
44.Kf2 e3+ 45.Ke1 Bf7 46.a6  1/2-1/2

[Event "Open"]
[Site "Trinec CZE"]
[Date "2001.12.29"]
[Round "4"]
[White "Blaszczok,G"]
[Black "Vesselovsky,S"]
[Result "0-1"]
[WhiteElo "2201"]
[BlackElo "2410"]

1.e4 c5 2.c3 Nf6 3.e5 Nd5 4.d4 cxd4 5.Nf3 d6 6.cxd4 Nc6 7.Bc4 dxe5 8.dxe5 Ndb4
9.Qxd8+ Nxd8 10.Na3 a6 11.O-O e6 12.Rd1 Ndc6 13.Be3 b5 14.Bb3 Bb7 15.Bb6 Ne7
16.Nc2 Ned5 17.Ba5 Nxc2 18.Bxc2 Bb4 19.Bxb4 Nxb4 20.Bb3 Ke7 21.a3 Nc6 22.Kf1 Rac8
23.Rac1 Na5 24.Ba2 Be4 25.Ke2 Bc2 26.Rd2 Bd3+ 27.Kd1 Bc4 28.Bxc4 Nxc4 29.Rdc2 Rcd8+
30.Ke2 Rd5 31.b3 Nxe5 32.Rc7+ Kf6 33.Ra7 Nxf3 34.Kxf3 Rd3+ 35.Ke2 Rhd8 36.Rcc7 Rd2+
37.Ke1 Rd1+ 38.Ke2 R1d2+ 39.Ke1 Rd1+ 40.Ke2 R8d2+ 41.Ke3 Rd3+ 42.Ke2 R1d2+
43.Ke1 Ra2 44.Rxf7+ Ke5 45.f4+ Ke4 46.Rxa6 Rxg2 47.Rxe6+ Kf3 48.Kf1 Rd1+
49.Re1 Rg1+  0-1

[Event "Christmas Open"]
[Site "Zurich SUI"]
[Date "2001.12.29"]
[Round "5"]
[White "Ekstroem,R"]
[Black "Tukmakov,V"]
[Result "1/2-1/2"]
[WhiteElo "2495"]
[BlackElo "2572"]

1.e4 c5 2.c3 Nf6 3.e5 Nd5 4.d4 cxd4 5.Nf3 e6 6.cxd4 d6 7.Bc4 Be7 8.O-O O-O
9.Bxd5 exd5 10.Nc3 dxe5 11.Nxe5 Nc6 12.Bf4 Nxe5 13.Bxe5 Be6 14.Re1 Rc8 15.Qf3 Re8
16.Rad1 Qd7 17.h3 f6 18.Bf4 Bf7 19.Qg4 Qc6 20.Re3 Bf8 21.Qe2 Rxe3 22.Bxe3 a6
23.Rc1 Qe6 24.Qg4 Rc4 25.Qxe6 Bxe6 26.Kf1 g5 27.Ke2 Kf7 28.Kd2 Kg6 29.b3 Rc6
30.Na4 Rxc1 31.Kxc1 h5 32.Nc5 Bc8 33.a4 b6 34.Nd3 Bd6 35.Kd2 a5 36.f3 h4
37.Bg1 Ba6 38.Be3 Kf5 39.Bg1 Bf4+ 40.Kc3 Bd6 41.Kd2 Ke6 42.Be3 Bb4+ 43.Nxb4 axb4
44.Ke1 Bd3 45.Bd2 Bc2 46.Bxb4 Bxb3 47.a5  1/2-1/2